El aparato locomotor en el nivel primario. (Registro nro. 606)
[ vista simple ]
| 000 -LEADER | |
|---|---|
| fixed length control field | 00861 am a2200253 a 4500 |
| 005 - FECHA ULTIMA MODIFICACION | |
| control field | 20231227115310.0 |
| 008 - CAMPO DE CONTROL (LIBRO) | |
| fixed length control field | 100811s1990||||ck d f |||| 000 0 spa d |
| 020 ## - INTERNATIONAL STANDARD BOOK NUMBER | |
| ISBN | 9189024 |
| 041 ## - CODIGO DE IDIOMA | |
| Código de idioma del texto/pista de sonido o título separado | spa |
| 092 ## - SIGNATURA TOPOGRAFICA DEWEY LOCAL | |
| número de clasificación | 362.1 |
| libristica | 51 |
| sección | MAL |
| 100 1# - ENTRADA PRINCIPAL--NOMBRE PERSONAL | |
| Nombre personal | Malagón Londoso, Gustavo. |
| 9 (RLIN) | 681 |
| 245 #3 - TITULO PROPIAMENTE DICHO | |
| Título | El aparato locomotor en el nivel primario. |
| Subtítulo y Título paralelo | Guía para la docencia / |
| Mención de responsabilidad y remanente de la transcripción de la portada | Gustavo Malagón Londoso. |
| 250 ## - MENCION DE EDICION | |
| Mención de edición | 1a ed. |
| 260 ## - PIE DE IMPRENTA | |
| Lugar de publicación, distribución, etc | Bogotá [Colombia]: |
| Nombre de la editorial, distribuidor, etc | OPS ; ASCOFAME (Asociación Colombiana de Facultades de Medicina); |
| Fecha de publicación | 1990. |
| 300 ## - DESCRIPCION FISICA | |
| Extension | 185 p. |
| Otros detalles físicos | il. |
| 500 ## - NOTA GENERAL | |
| Nota general | Malagón Londoso, G. (1990). El aparato locomotor en el nivel primario. Guía para la docencia. (1a ed.). Bogotá : OPS ; ASCOFAME. |
| 653 ## - TÉRMINO INDIZADO - PALABRAS CLAVES | |
| Palabra clave | Salud pública |
| 653 ## - TÉRMINO INDIZADO - PALABRAS CLAVES | |
| Palabra clave | Docencia |
| 653 ## - TÉRMINO INDIZADO - PALABRAS CLAVES | |
| Palabra clave | Promoción de la salud |
| 930 ## - NUMERO DE INVENTARIO | |
| Número de inventario | 982 |
| 930 ## - NUMERO DE INVENTARIO | |
| Número de inventario | 983 |
| 930 ## - NUMERO DE INVENTARIO | |
| Número de inventario | 984 |
| 942 ## - ADDED ENTRY ELEMENTS (KOHA) | |
| Source of classification or shelving scheme | Dewey Decimal Classification |
| Item type | Libros |
| Estado de retiro | Existencia | Fuente de clasificación | Estado general | Uso restringido | No para prestamo | Ubicación permanente | ubicación actual | Sala de ubicación | Fecha de adquisición | Total Checkouts | Número de clasificación | Código de barras | Date last seen | Número de ejemplar | Price effective from | Koha tipo de elemento (item) | Public note | Coded location qualifier |
|---|---|---|---|---|---|---|---|---|---|---|---|---|---|---|---|---|---|---|
| Dewey Decimal Classification | Restricted Access | Not For Loan | Biblioteca Medicina | Biblioteca Medicina | Referencia | 13/05/2011 | 362.1 51 MAL | 982 | 06/11/2014 | ej.1 | 13/05/2011 | Reference | Baja 2017. LIBRO DE CONSULTA. (Caja nro 6) | |||||
| Dewey Decimal Classification | Restricted Access | Not For Loan | Biblioteca Medicina | Biblioteca Medicina | Circulación | 13/05/2011 | 362.1 51 MAL | 983 | 06/11/2014 | ej.2 | 13/05/2011 | Libros | Baja 2017 (Caja nro 6) | |||||
| Dewey Decimal Classification | Restricted Access | Not For Loan | Biblioteca Medicina | Biblioteca Medicina | Circulación | 13/05/2011 | 362.1 51 MAL | 984 | 22/10/2015 | ej.3 | 13/05/2011 | Libros | Baja 2017 (Caja nro 6) |